000 00563nam a2200229Ia 4500
003 OSt
005 20250625104849.0
008 210423s2009 xx 000 0 und d
020 _a9788182812826
040 _cAL
041 _aeng
082 _a001.42
_223
_bMURR
100 _aMurthy C
_984591
245 _aResearch methodology
260 _aNew Delhi
_bVrinda Publications Ltd
_c2009
300 _axv,411
_bPB
365 _b250
_cINR
650 _aGeneral
_984592
650 _aResearch
_984593
906 _amethodology. ; Research
942 _2ddc
_cBK
999 _c157031
_d157031